| 000 -CABECERA |
| Campo de control de longitud fija |
01672nam a22003017a 4500 |
| 003 - IDENTIFICADOR DEL NÚMERO DE CONTROL |
| Campo de control |
OSt |
| 005 - FECHA Y HORA DE LA ÚLTIMA TRANSACCIÓN |
| Campo de control |
20260327160216.0 |
| 008 - CÓDIGOS DE INFORMACIÓN DE LONGITUD FIJA |
| Campo de control de longitud fija |
260327t2018 xxu||||| |||| 00| 0 spa d |
| 020 ## - NÚMERO INTERNACIONAL NORMALIZADO PARA LIBROS (ISBN) |
| Número Internacional Normalizado para Libros (ISBN) |
9788494071164 |
| 040 ## - FUENTE DE LA CATALOGACIÓN |
| Centro catalogador de origen |
Unicoc |
| Lengua de catalogación |
spa |
| Centro que cataloga |
Bogotá (Dr. David Ordóñez Rueda) - Campus Norte |
| Centro modificador |
Bogotá (Dr. David Ordóñez Rueda) - Campus Norte |
| 082 ## - NÚMERO DE LA CLASIFICACIÓN DECIMAL DEWEY |
| Número de clasificación |
154.4 |
| 100 ## - PUNTO DE ACCESO PRINCIPAL - NOMBRE DE PERSONA |
| 9 (RLIN) |
12848 |
| Nombre de persona |
García García, Andrés |
| 245 ## - MENCIÓN DE TÍTULO |
| Título |
aprendizaje complejo |
| Mención de responsabilidad etc. |
/ Andrés García García |
| 250 ## - MENCIÓN DE EDICIÓN |
| Mención de edición |
2 Ed. |
| 260 ## - PUBLICATION, DISTRIBUTION, ETC. (IMPRINT) |
| Lugar de publicación distribución etc. |
España : |
| Nombre del editor distribuidor etc. |
Librería San Bernardo |
| Fecha de publicación distribución etc. |
2018 |
| 300 ## - DESCRIPCIÓN FÍSICA |
| Extensión |
195 páginas |
| Otras características físicas |
Diagramas, ilustraciones |
| 500 ## - NOTA GENERAL |
| Nota general |
Incluye referencias bibliográficas |
| 505 ## - NOTA DE CONTENIDO CON FORMATO |
| Título |
1. Contextualización histórico-filosófica de la psicología del aprendizaje complejo. -- |
| -- |
2. La psicología del aprendizaje complejo en el marco de la ciencia. -- |
| -- |
3. Elementos procedimentales en el estudio del aprendizaje complejo. -- |
| -- |
4. Conducta verbal. -- |
| -- |
5. Categorización. -- |
| -- |
6. Estudio de la conciencia desde el análisis experimental del comportamiento. -- |
| -- |
7. Síntesis de conductas complejas. --
|
| -- |
8. Razonamiento y solución de problemas. -- |
| -- |
9. Relaciones derivadas en humanos. -- |
| -- |
10. Seminarios sobre aprendizaje complejo. -- |
| -- |
11. Trabajo de grupo pequeño (prácticas). |
| 526 ## - NOTA DE INFORMACIÓN SOBRE EL PROGRAMA DE ESTUDIO |
| Institución que aplica el campo |
Unicoc |
| 546 ## - NOTA DE LENGUA |
| Nota de lengua |
Español |
| 650 #0 - PUNTO DE ACCESO ADICIONAL DE MATERIA - TÉRMINO DE MATERIA |
| 9 (RLIN) |
10096 |
| Término de materia o nombre geográfico como elemento inicial |
Psicología del aprendizaje |
| 650 #0 - PUNTO DE ACCESO ADICIONAL DE MATERIA - TÉRMINO DE MATERIA |
| 9 (RLIN) |
12849 |
| Término de materia o nombre geográfico como elemento inicial |
Conducta verbal |
| 650 #0 - PUNTO DE ACCESO ADICIONAL DE MATERIA - TÉRMINO DE MATERIA |
| 9 (RLIN) |
12850 |
| Término de materia o nombre geográfico como elemento inicial |
Aprendizaje complejo |
| 650 #0 - PUNTO DE ACCESO ADICIONAL DE MATERIA - TÉRMINO DE MATERIA |
| 9 (RLIN) |
12802 |
| Término de materia o nombre geográfico como elemento inicial |
Psicología del comportamiento |
| 658 #0 - TÉRMINO DE INDIZACIÓN - OBJETIVO CURRICULAR |
| 9 (RLIN) |
10741 |
| Programa Académico |
Programa de Psicología |
| 856 ## - LOCALIZACIÓN Y ACCESO ELECTRÓNICOS |
| Texto del enlace |
Acceso online exclusivo para comunidad Unicoc. |
| Identificador Uniforme del Recurso (URI) |
https://unicoceduco-my.sharepoint.com/:b:/g/personal/direccionbiblioteca_unicoc_edu_co/IQCI28F1_0ujSbh8Vesga7qvAbdOPsGKQVqGTpUeAQSoRso |
| 942 ## - ENTRADA PARA ELEMENTOS AGREGADOS (KOHA) |
| Fuente de clasificación o esquema de ordenación en estanterías |
|
| Koha [por defecto] tipo de item |
Libro electrónico |